000 00773nam a2200229 a 4500
999 _c10751
_d10751
001 10751
003 BD-JhCC
005 20220612134023.0
008 180904s2011 bg |||| |||| 000 0 ben d
020 _a9789848808276
035 _a(BD-JhCC)10751
040 _aBD-JhCC
_dBD-JhCC
041 _aben
082 _a297
_bSAN 2011
100 _aছানাউল্লাহ, ড. মো:
245 _aপারিবারিক শান্তি প্রতিষ্ঠায় ইসলাম /
_cড. মো: ছানাউল্লাহ,
260 _aঢাকা :
_bআহসান পাবলিকেশন,
_c২০১১
300 _a২০৪ পৃ. :
_c২০ সেমি.
650 _aইসলাম
650 _aIslam
942 _2ddc
_cBK
_03